<?xml version="1.0" encoding="UTF-8"?>
<record
    xmlns:xsi="http://www.w3.org/2001/XMLSchema-instance"
    xsi:schemaLocation="http://www.loc.gov/MARC21/slim http://www.loc.gov/standards/marcxml/schema/MARC21slim.xsd"
    xmlns="http://www.loc.gov/MARC21/slim">

  <leader>01546nam a22003017a 4500</leader>
  <controlfield tag="001">6344</controlfield>
  <controlfield tag="003">FISKH</controlfield>
  <controlfield tag="005">20250423101339.0</controlfield>
  <controlfield tag="008">250423b        cb ||||| |||| 00| 0 eng d</controlfield>
  <datafield tag="020" ind1=" " ind2=" ">
    <subfield code="a">9781848797291</subfield>
  </datafield>
  <datafield tag="040" ind1=" " ind2=" ">
    <subfield code="a">FISKH</subfield>
    <subfield code="b">eng</subfield>
    <subfield code="c">FISKH</subfield>
    <subfield code="d">FISKH</subfield>
  </datafield>
  <datafield tag="050" ind1=" " ind2=" ">
    <subfield code="a">PZ7 </subfield>
  </datafield>
  <datafield tag="082" ind1=" " ind2=" ">
    <subfield code="a">813.6 </subfield>
  </datafield>
  <datafield tag="100" ind1=" " ind2=" ">
    <subfield code="a">Barnes, Zoe </subfield>
  </datafield>
  <datafield tag="245" ind1=" " ind2=" ">
    <subfield code="a">The bouncing king /</subfield>
    <subfield code="c">Illustrated by Yannick Robert</subfield>
  </datafield>
  <datafield tag="250" ind1=" " ind2=" ">
    <subfield code="a">This edition first published in 2010</subfield>
  </datafield>
  <datafield tag="260" ind1=" " ind2=" ">
    <subfield code="a">Hertfortshire : </subfield>
    <subfield code="b">Castle Street Press, </subfield>
    <subfield code="c">2006. </subfield>
  </datafield>
  <datafield tag="300" ind1=" " ind2=" ">
    <subfield code="a">30 pages : </subfield>
    <subfield code="b">color illustrations ; </subfield>
    <subfield code="c">23 cm </subfield>
  </datafield>
  <datafield tag="490" ind1=" " ind2=" ">
    <subfield code="a">Ready to read :</subfield>
    <subfield code="v">level 1</subfield>
  </datafield>
  <datafield tag="504" ind1=" " ind2=" ">
    <subfield code="a">G
</subfield>
  </datafield>
  <datafield tag="520" ind1=" " ind2=" ">
    <subfield code="a">The story follows Katie, a woman navigating the ups and downs of life after divorce. When her marriage collapses, Katie finds herself re-evaluating everything: her career, her social circle, and especially her love life. She&#x2019;s not looking for love, but then along comes Alex, the charismatic and slightly mysterious "Bouncing King"&#x2014;a children's party entertainer who literally bounces his way into her world. As Katie gets to know Alex, her world starts to shake in unexpected ways. He's fun, unconventional, and nothing like the safe, dependable type she thought she needed. But is he too much of a wild card for someone who's just beginning to piece her life back together?</subfield>
  </datafield>
  <datafield tag="521" ind1="8" ind2=" ">
    <subfield code="a">370
</subfield>
    <subfield code="b">Lexile
</subfield>
  </datafield>
  <datafield tag="521" ind1="8" ind2=" ">
    <subfield code="a">G
</subfield>
    <subfield code="b">Raz-Plus


</subfield>
  </datafield>
  <datafield tag="650" ind1=" " ind2=" ">
    <subfield code="a">Adventure</subfield>
    <subfield code="v">Children's Literature </subfield>
    <subfield code="x">Fun</subfield>
    <subfield code="y">Friendship </subfield>
  </datafield>
  <datafield tag="700" ind1=" " ind2=" ">
    <subfield code="a">Robert, Yannick </subfield>
    <subfield code="d">Illustrator </subfield>
  </datafield>
  <datafield tag="942" ind1=" " ind2=" ">
    <subfield code="2">ddc</subfield>
    <subfield code="c">BK</subfield>
    <subfield code="n">0</subfield>
  </datafield>
  <datafield tag="999" ind1=" " ind2=" ">
    <subfield code="c">6344</subfield>
    <subfield code="d">6344</subfield>
  </datafield>
  <datafield tag="952" ind1=" " ind2=" ">
    <subfield code="0">0</subfield>
    <subfield code="1">0</subfield>
    <subfield code="2">ddc</subfield>
    <subfield code="4">0</subfield>
    <subfield code="7">0</subfield>
    <subfield code="8">JUVF</subfield>
    <subfield code="a">001</subfield>
    <subfield code="b">001</subfield>
    <subfield code="c">TK Green 7-57-60</subfield>
    <subfield code="d">2025-04-23</subfield>
    <subfield code="l">0</subfield>
    <subfield code="o">BAR 813.6 PZ7 </subfield>
    <subfield code="p">FISBK02535</subfield>
    <subfield code="r">2025-04-23 10:13:36</subfield>
    <subfield code="t">1</subfield>
    <subfield code="w">2025-04-23</subfield>
    <subfield code="y">BK</subfield>
  </datafield>
</record>
